Matematika pre manažérov zbierka úloh

Na minha lista:
Detalhes bibliográficos
Autor principal: Kalinová, Eva
Outros Autores: Šedivý, Ondrej, Huťka, Vladimír
Formato: Livro
Idioma:eslovaco
Publicado em: Bratislava Iura Edition 2008
Colecção:Ekonómia
Assuntos:
Tags: Adicionar Tag
Sem tags, seja o primeiro a adicionar uma tag!

MARC

LEADER 00000nam a2200000 4500
001 0141827
005 20240318125207.9
020 |a 978-80-8078-225-2 
041 0 |a slo 
044 |a SK 
245 1 0 |a Matematika pre manažérov  |b zbierka úloh  |c Eva Kalinová 
264 1 |a Bratislava  |b Iura Edition  |c 2008 
300 |a 118 s. 
490 1 |a Ekonómia 
830 0 |a Ekonómia 
610 2 0 |a matematika 
610 2 0 |a programovanie lineárne 
610 2 0 |a matematika finančná 
610 2 0 |a štatistika matematická 
610 2 0 |a pravdepodobnosť 
100 1 |a Kalinová, Eva 
700 1 |a Šedivý, Ondrej 
700 1 |a Huťka, Vladimír